A népnevelés kérdése Homonnán

Počas pamätného roku 1914, kedy Rusi napadli severovýchodnú časť Zemplína, mnohí obyvatelia Humenného sa odsťahovali. Školy boli zabraté pre potreby vojska na 1 rok a následne spustošené. Po návrate židovská obecná škola požiadala o štátnu podporu a dostala 10 tisíc korún z čoho platila náboženských...

Celý popis

Podrobná bibliografia
Hlavný autor: Haraszthy, Mikuláš 18??-19?? (Author)
Médium: Článok
Jazyk:Hungarian
Témy:
Zdroj: 1. Felvidéki Hirlap 1. Roč. 11, č. 3 (05.08.1917) s. 2
LEADER 01793nab#a2200397#ar4500
001 000074615
003 SVKKK
005 20101028130150.0
008 080512d1917 xo |||||||||||||||b|hun
FMT
038 |a SVKKK 
040 |a SVKKK  |b slo  |e AACR2 
041 0 |a hun 
044 |a xo  |c SK 
080 |a 323.1:355.01  |2 1997 
080 |a 355.01  |2 1997 
080 |a 371  |2 1997 
080 |a 929 Haraszthy, Mikuláš  |2 1997 
100 1 |a Haraszthy, Mikuláš  |d 18??-19??  |4 aut 
242 1 0 |a Otázka ľudovýchovy v Humennom  |c Mikuláš Haraszthy  |y slo 
245 1 2 |a A népnevelés kérdése Homonnán  |c Miklós Haraszthy 
500 |a Dohľadanie 
500 |a Popis z mikrofilmu 
520 2 |a Počas pamätného roku 1914, kedy Rusi napadli severovýchodnú časť Zemplína, mnohí obyvatelia Humenného sa odsťahovali. Školy boli zabraté pre potreby vojska na 1 rok a následne spustošené. Po návrate židovská obecná škola požiadala o štátnu podporu a dostala 10 tisíc korún z čoho platila náboženských činiteľov a učiteľov a nemohla sa začať výstavba školy. Rímskokatolícka obec dostane odškodné 16 tisíc korún (ktoré však súdobo nedošli). Výzva ku hlavnému županovi, aby pozastavil škody páchané na ľudovom školstve 
600 1 4 |a Haraszthy, Mikuláš  |d 18??-19??  |x hlavný slúžny  |x Humenné (Slovensko)  |x pôsobenie vo funkcii  |y 1878-1913,1916-1917 
650 0 4 |a školstvo ľudové  |x reparácie vojnové (požiadavka)  |y 1917  |z Humenné (Slovensko) 
655 4 |a hungariká 
773 0 |t Felvidéki Hirlap  |g Roč. 11, č. 3 (05.08.1917) s. 2 
957 |a Humenné 
958 |a DG 
958 |a HU 
974 |a Ba 
992 |a RBX 
997 |a Haraszthy, Miklós p. Haraszthy, Mikuláš  |d Homonna p. Humenné 
BAS
998 |a RETRO